000 00590nam a2200205Ia 4500
005 20250508153459.0
008 008 250505s9999 xx 000 0 eng d
037 _aTextual
040 _aFEDL
_beng
_cFEDL
041 _aeng
_2eng
084 _a370.71, UNI
_qFEDL
245 0 _aTeacher as a career
245 0 _cU S Department of Health, Eduaction and Welfare
260 _aWashington, USA
_bU.S. Government Printing Office
_c1959
300 _a34p
546 _aPamphlet No. 122
650 _aEducation
942 _cTEXL
_h370.71, UNI
999 _c1343161
_d1343161